Geography by Picture - J - Statistics

General Stats
  • This quiz has been taken 38,603 times
    38,554 since last reset
  • The average score is 9 of 18
Answer Stats
Picture Hint Answer % Correct
country Jamaica
98%
country Japan
96%
country Jordan
89%
largest cat species of the Americas Jaguar
88%
city Jerusalem
87%
island Java
76%
island Jersey
60%
city Jakarta
53%
U.S. state capital Juneau
47%
valley {Jackson} Hole
42%
national park in California Joshua Tree
39%
religion Jainism
34%
oldest city in the world? Jericho
30%
city - namesake of a type of trousers Jodhpur
25%
state Jalisco
23%
Canadian national park Jasper
21%
island Jeju
21%
Malaysian city - in yellow Johor Bahru
13%
No matching quizzes found
Score Distribution
Percent of People with Each Score
Percentile by Number Answered
Your Score History
You have not taken this quiz since the last reset